000 01296nam a2200349Ia 4500
001 dia_7296
003 CHAP
005 20251023162322.0
008 220117s2009 xx 000 0 und d
010 _a178499
020 _a84-7738-667-6 (v.1) \ 84-7738-938-1 (v.2) \ 84-7738-939-X (v.3)
040 _cCHAP
082 _a664.02 I54 2009
245 _aIngeniería de la industria alimentaria /
_c edición José Aguado Alonso ; José Antonio Calles Martín...[et al.]
260 _aEspaña :
_b Sintesis,
_c2009
300 _a3 v.
440 _aCiencias químicas. Tecnología bioquímica y de los alimentos ; 5-7
_9162936
503 _aC.
504 _aIncluye bibliografías
505 _av. Conceptos básicos \ v. 2. Operaciones de procesado de alimentos \ v. 3. Operaciones de conservación de alimentos
590 _aTP370 I54 2009
650 _aFood industry
_9148657
650 _aFood technology
_9148811
650 _aIndustria de los alimentos
_9148659
650 _aTecnología alimentaria
_9140140
700 _aAguado Alonso, José, ed.
_9162937
700 _aCalles Martín, José Antonio, colab.
_9162938
901 _a664.02 I54 2009
902 _aM
905 _a5232272009 sp aimn8222223322spa16
942 _cLIBRO
_2ddc
999 _c178499
_d178499